| 000 | 00786nam a22002657a 4500 | ||
|---|---|---|---|
| 003 | CHAP | ||
| 005 | 20220329134749.0 | ||
| 008 | 971013s r 00010 d | ||
| 010 | _a25507 | ||
| 011 | _a26479 | ||
| 035 | _a30580 | ||
| 040 | _cCHAP | ||
| 090 | _aR-420 | ||
| 100 | 0 | 0 |
_aEig, A. _935803 |
| 245 | _aSynopsis of the phytosociological units of Palestine | ||
| 500 | _aSobretiro de : Palestine Journal of Botany 3:183-246, 1946 | ||
| 590 |
_aBATCH-UPD _b10 _c20130110 _lUCH01 _h2000 |
||
| 590 |
_aBATCH-UPD _b10 _c20130410 _lUCH01 _h1320 |
||
| 590 |
_aBATCH-UPD _b10 _c20130914 _lUCH01 _h1250 |
||
| 590 |
_aCONVERSION _b10 _c20130109 _lUCH01 _h1315 |
||
| 650 | 1 | 4 |
_aEcologĂa vegetal. _935188 |
| 901 | _aBK | ||
| 942 | _cREIMP | ||
| 949 |
_aR-420 _bBC _cR _d-70889 _eTS1 _i30580 _si |
||
| 999 |
_c25507 _d25507 |
||